MDQL
is popping MORE tags! Check the
thread
!
Quizzes
Events
Quiz Creation
Community
Videos
Private Events
Remove Ads
Sign In
Join for FREE
Feedback
Dark Mode
Quiz Categories
Sports
Geography
Music
Movies
Television
Just For Fun
Miscellaneous
History
Literature
Language
Science
Gaming
Entertainment
Religion
Holiday
For Kids
Quiz Lab
Recent
Popular Today
Quiz Kudos Today
Editor Picks
Curator Picks
Quizzes by...
Day
Popularity
Type
Ratings
Length
Year
Community
Subscriptions
Recent Discussions
Orange Saloon
Badges
Playlists
Quests
Create
Leaderboards
Showdown
Live 5
Trivia Bingo
Activity
Puzzle Library
Sporcle Events
Private Events
Virtual Trivia
Globe League
Become a Host
Pub Owners
SporcleCon
Opinionation
Our Games
Videos
Blog
Mobile Apps
Partnerships
Remove Ads and Go Orange
Feedback
Music
Pop Music
The Beatles
Song
Album
Lyrics
Bands
Singers
Artist
Clip
Rock
Rap
Classical
Billboard
Country Music
Kpop
Taylor Swift
Music
Pop Music
The Beatles
Song
Album
Lyrics
Bands
Singers
Artist
Clip
Rock
Rap
Classical
Billboard
Country Music
Kpop
Taylor Swift
Random Quiz
Search Sporcle
×
Quiz Lab
Quiz Lab
Music
Beyonce Songs
Type in answers that appear in a list
Type in answers that appear in a list
Classic
Best Score? Go Orange.
Beyonce Top 20 Songs Stats
Can you name the Beyonce Top 20 Songs by her as a solo artists and with collaborations (not Destiny's Child)?
By
APW311186
7m
21 Questions
1,077 Plays
1,077 Plays
1,077 Plays
Comments
Comments
Give Quiz Kudos
Give Quiz Kudos
-
- Ratings
hide this ad
Replay
Link that replays current quiz
Next Quiz
Link to next quiz in quiz playlist
You Got
0%
They Got
Avg Score
52%
Avg Friend Score
Upgrade to see
Score Distribution
Jump to the score distribution portion of the page
Score
0/21
Timer
07:00
0
Plays Today
Year
Song
% Correct
2003
Crazy In Love
91.3%
2008
Single Ladies (Put A Ring On It)
85.1%
2009
Halo
79.9%
2006
Irreplaceable
71.9%
2003
Baby Boy
70.9%
2008
If I Were a Boy
70.5%
2006
Deja Vu
64.1%
2004
Naughty Girl
61.5%
2011
Love on Top
57.2%
2009
Sweet Dreams
54.5%
2009
Diva
53.9%
Year
Song
% Correct
2003
Me, Myself, and I
50%
2010
Telephone
47.9%
2011
Best Thing I Never Had
47.3%
2005
Check On It
45%
2007
Beautiful Liar
44.9%
2006
Ring the Alarm
40.9%
2003
'03 Bonnie & Clyde
38.5%
2007
Until the End of Time
9.8%
2008
Love In This Club Part II
6.7%
2008
Just Stand Up!
1.8%
Quiz Playlist
Details
Report
Send in Message
Add To Playlist
Classic:
Type in answers that appear in a list
Last Updated: Dec 6, 2018
Quiz Scoreboard
CHALLENGE
Sign Up to Join the Scoreboard
Show All
Scores
Hide
Comments
May contain spoilers
Recently Published
1-10 Letter E Words III
by El_Dandy
Language
2m
Street Fighter Characters
by Artimus82
Gaming
60s
College Basketball Coaching Resumes
by pancakes188
Sports
9m
More to Explore
Quiz From the Vault
Featured Blog Post
Where Did the Easter Bunny Come From?
hide this ad
You Might Also Like...
Tags
Beyonce Songs
Today's Top Quizzes in Music
Browse Music
hide this ad
Today's Top Quizzes in Beyonce Songs
Browse Beyonce Songs
Top Contributed Quizzes in Music
1
Taylor Swift All Songs (2024)
2
Taylor Swift Logic Puzzle
3
Guess the Artist- 70s Songs
4
7-to-1: Billboard Hot 100 #1 Hits of 2010s
5
Sorting Albums and Songs
6
Billboard Blitz: Aretha Franklin
7
KPOP LOGIC QUIZ
8
Guess the Taylor Swift song (Mystery Song)
9
Guess The Taylor Swift Lyrics Song #1
10
Billboard Blitz: ABBA
Explore More
Trending Topics
Harry Potter
Crossword
Marvel
Disney
Kpop
Anime
NBA
Puzzle
WWE
The Office
Country
Song
Pokémon
NFL
Soccer
hide this ad
More By:
APW311186
Quiz
Plays
Rating
Category
Featured
Created
VH1's 100 Greatest Women in Music
4,634
3.19
Music
Feb 14, 2012
Top 10 Songs 2000-2010
1,443
4.80
Music
Apr 24, 2011
Beyonce Top 20 Songs
1,077
4.67
Music
Sep 25, 2011
All Golden Globe Best Actress Drama Nominees (1950-2010)
981
2.86
Movies
Jan 15, 2012
Britney, Christina, Jessica, or Mandy?
751
2.89
Music
May 7, 2011
Go to Creator's Profile
Score Distribution
Quiz Creator Spotlight
APW311186
Follow
Send a Message
Quizzes Created
-
Created Quiz Play Count
-
More By This Creator
Popular Quizzes Today
1
Find the US States - No Outlines Minefield
2
Find the Countries of Europe - No Outlines Minefield
3
The Countries of the World
4
Find the US States
5
Risky Map Clicking: Biggest States A-Z
6
US States
7
Popular People in 1961
8
Movies - When Are They Set?
More Music Quizzes
Unique Words in Nirvana Songs
Quiz Lab
Trending Quizzes
Risky Map Clicking: Least Populous States A-Z
Billboard Blitz: Aretha Franklin
Famous Russians: Author or Composer?
1-10 Letter G Words
Countries of the World: 200 Million BC
Recently Updated
Leaping Animals
pecheneg
Reality TV Shows (A-Z)
bhenderson79
Rickey Henderson's Hall of Fame Teammates
pecheneg
Champions League XIs: Arsenal
pecheneg
Quick Pick: Celebrities in WWE's Hall of Fame
aduchscher
A-Z Keypad Blitz II
pecheneg
Multiple Oscar Actors
pecheneg
Mystery Phrase Blitz: Oscar 'Best Actors'
pecheneg
F. Scott Fitzgerald Novels
LTH
Pick 3 Villains
ddd62291
Trending Topics
Marvel
Harry Potter
Crossword
NBA
Disney
Anime
Kpop
WWE
Song
Puzzle
The Office
NFL
Pokémon
Soccer
Country
Your Account Isn't Verified!
In order to create a playlist on Sporcle, you need to verify the email address you used during registration. Go to your
Sporcle Settings
to finish the process.
Report this User
Report this user for behavior that violates our
Community Guidelines
.
Details:
Send Report
Go to the Sporcle.com Mobile Site →
Comments